| 000 | 01319cam a2200289 4500 | ||
|---|---|---|---|
| 001 | ABS63499 | ||
| 008 | 000000n2001 000 0 eng u | ||
| 035 | _a(Sirsi) u110555 | ||
| 100 | _aIles, A. | ||
| 245 | _aCaveat vendor | ||
| 260 | _c2001 | ||
| 490 |
_aSolicitors' Journal _v145(1) 12 January 2001, 12(1) |
||
| 520 | _aExplains the repercussions of "Barry v Heathcote Ball & Co (Commercial Auctions) Ltd" [2000] 47 EG 178-182 (ABS63088) where the CA ruled that, in a sale by auction 'without reserve', an auctioneer is liable to the highest bidder for the difference between the bid and the market value of the lot if it is withdrawn. Notes that, whilst there is no contract of sale between the seller and the bidder in an auction before the hammer falls, this decision may open the seller to similar liability as it may be considered that there is a collateral contract. | ||
| 590 | _aABS | ||
| 650 | _aAUCTIONEERS | ||
| 650 | _aBARRY V HEATHCOTE BALL & CO (COMMERCIAL AUCTIONS) LTD | ||
| 650 | _aCOLLATERAL CONTRACTS | ||
| 650 | _aLIABILITY | ||
| 650 |
_aAuctioneering _96218 |
||
| 650 | _aSALE OF GOODS ACT 1979 S57(2) | ||
| 650 | _aSALE OF GOODS ACT 1970 S57(4) | ||
| 650 | _aVENDORS | ||
| 650 | _aWITHOUT RESERVE | ||
| 690 |
_aAuctioneering _96218 |
||
| 700 | _aRooney, A. | ||
| 942 | _n0 | ||
| 999 |
_c65906 _d65906 |
||